Economic relations between the United States and Korea : conflict or cooperation? /

Saved in:
Bibliographic Details
Corporate Authors: Hanʼguk Kaebal Yŏnʼguwŏn, Institute for International Economics (U.S.)
Other Authors: Young, Soogil, Bayard, Thomas O.
Format: Book
Language:English
Published: Washington, DC : Institute for International Economics, 1989.
Series:Special reports (Institute for International Economics (U.S.)) ; 8.
Subjects:
LEADER 01720cam a2200385 a 4500
001 c000278613
003 CARM
005 20071220094337.0
008 880708s1989 dcua b 100 0 eng d
010 |a 88008257 
019 1 |a 5949070  |z 41365606  |5 LACONCORD2021 
020 |a 0881320684 :  |c $12.95 
035 |a (OCoLC)18258767  |5 LACONCORD2021 
040 |a LC  |b eng  |c LC  |d LC  |d VCAV 
043 |a a-ko---  |a n-us--- 
050 4 |a HF1456.5.K6  |b E26 1988 
050 0 0 |a HF1456.5.K6  |b E26 1988 
082 0 4 |a 337.7305195  |2 19 
245 0 0 |a Economic relations between the United States and Korea :  |b conflict or cooperation? /  |c edited by Thomas O. Bayard and Soo-Gil Young. 
260 |a Washington, DC :  |b Institute for International Economics,  |c 1989. 
300 |a 178 p. :  |b ill. ;  |c 23 cm. 
490 1 |a Special report ;  |v 8 
500 |a Proceedings of a conference held in Washington, D.C., Sept. 25-26, 1987, by the Institute for International Economics and the Korea Development Institute. 
500 |a "January 1989." 
504 |a Includes bibliographies. 
651 0 |a United States  |x Foreign economic relations  |z Korea (South)  |x Congresses. 
651 0 |a Korea (South)  |x Foreign economic relations  |z United States  |x Congresses. 
700 1 |a Young, Soogil. 
700 1 |a Bayard, Thomas O. 
710 2 |a Hanʼguk Kaebal Yŏnʼguwŏn. 
710 2 |a Institute for International Economics (U.S.) 
830 0 |a Special reports (Institute for International Economics (U.S.)) ;  |v 8. 
852 8 |b CARM  |h A1:AL36F0  |i B10271  |p 0456662  |f BK 
999 f f |i 70be3823-0808-5d9b-a64f-76b9eb9fb048  |s 94120390-0fb1-5cf7-a6a7-72a2f9d6d30a 
952 f f |p Can circulate  |a CAVAL  |b CAVAL  |c CAVAL  |d CARM 1 Store  |e B10271  |f A1:AL36F0  |h Other scheme  |i book  |m 0456662